| 000 | 00989nam a2200253 a 4500 | ||
|---|---|---|---|
| 001 | BRL_1932 | ||
| 005 | 20190320211436.0 | ||
| 008 | 190815s1961----mx-a######---#000-0#spa-# | ||
| 041 | _aspa | ||
| 044 | _amx | ||
| 050 | 4 |
_aF1386 _b.M49 1961 |
|
| 245 | 1 | 0 |
_aMéxico y sus alrededores _cC. Castro ... [et al.] ; dirección de la reproducción facsimilar, de M. Quesada Brandi ; prefacio, de Artemio de Valle-Arizpe. |
| 260 |
_aMéxico _bMicroprotecsa _c1961 |
||
| 300 |
_a37 p., [37] láms. _bil., láminas _c44 cm. |
||
| 500 | _aAu1030 | ||
| 500 | _aLa edición original fue realizada por los Establecimientos Litográficos de Decaen editor en México, 1855-1856 | ||
| 500 | _aEstado físico: Tiene el lomo desprendido y le falta un pedazo. | ||
| 651 | 4 |
_aCiudad de México _xDescripción y viajes _92418 |
|
| 700 | 1 |
_aCastro, C. _911049 |
|
| 700 | 1 |
_aQuesada Brandi, Manuel _928265 |
|
| 700 | 1 |
_aValle-Arizpe, Artemio de _d1888-1961 _epról. _92476 |
|
| 902 | _aGRL | ||
| 942 |
_2lcc _cB |
||
| 999 |
_c10740 _d10740 |
||